[Event "HUN-chT2 Szechenyi 1617"]
[Site "Hungary"]
[Date "2016.11.13"]
[Round "4"]
[White "Hegedus, Botond"]
[Black "Gaal, Zsoka"]
[Result "1/2-1/2"]
[WhiteElo "1559"]
[BlackElo "1749"]
[PlyCount "33"]
[EventDate "2016.09.25"]
[EventType "team-tourn"]
[EventRounds "11"]
[EventCountry "HUN"]
[SourceTitle "EXT 2021"]
[Source "ChessBase"]
[SourceDate "2020.10.23"]
[SourceVersion "1"]
[SourceVersionDate "2020.10.23"]
[SourceQuality "1"]
[WhiteTeam "Keszthely Spartacus"]
[BlackTeam "Tapolca VSE II"]
[WhiteTeamCountry "HUN"]
[BlackTeamCountry "HUN"]

1. d4 Nf6 2. Nf3 g6 3. e3 Bg7 4. b3 0-0 5. Bb2 d5 6. Nbd2 Nbd7 7. Bd3 c5 8. 0-0 b6 9. Ne5 Bb7 10. f4 Ne4 11. Nxe4 dxe4 12. Bb5 Nxe5 13. dxe5 a6 14. Be2 Qc7 15. c4 Rfd8 16. Qc2 a5 17. a4 1/2-1/2

[Event "HUN-chT2 Szechenyi 1415"]
[Site "Hungary"]
[Date "2015.03.22"]
[Round "10.12"]
[White "Hegedus, Botond"]
[Black "Horvath, Tibor"]
[Result "1/2-1/2"]
[WhiteElo "1500"]
[BlackElo "1741"]
[PlyCount "39"]
[EventDate "2014.09.07"]
[EventType "team-tourn"]
[EventRounds "11"]
[EventCountry "HUN"]
[SourceTitle "EXT 2016"]
[Source "ChessBase"]
[SourceDate "2015.10.08"]
[SourceVersion "1"]
[SourceVersionDate "2015.10.08"]
[SourceQuality "1"]
[WhiteTeam "Keszthely"]
[BlackTeam "Lovo"]
[WhiteTeamCountry "HUN"]
[BlackTeamCountry "HUN"]

1. d4 d5 2. Nf3 Nf6 3. Bf4 e6 4. e3 Be7 5. c4 0-0 6. Be2 Nbd7 7. Qc2 b6 8. Nc3 dxc4 9. Bxc4 Bb7 10. Be2 c5 11. 0-0 Rc8 12. Qb3 cxd4 13. exd4 Nd5 14. Be3 N7f6 15. Rac1 Bd6 16. Rfd1 Nxe3 17. fxe3 Ng4 18. Nb5 Rxc1 19. Rxc1 Bxf3 20. Bxf3 1/2-1/2

[Event "HUN-chT2 Szechenyi 1213"]
[Site "Hungary"]
[Date "2013.04.07"]
[Round "10.12"]
[White "Hegedus, Botond"]
[Black "Kertesz, Zsolt"]
[Result "0-1"]
[WhiteElo "1494"]
[BlackElo "2051"]
[PlyCount "75"]
[EventDate "2012.09.16"]
[EventType "team-tourn"]
[EventRounds "11"]
[EventCountry "HUN"]
[SourceTitle "EXT 2014"]
[Source "ChessBase"]
[SourceDate "2013.11.20"]
[SourceVersion "1"]
[SourceVersionDate "2013.11.20"]
[SourceQuality "1"]
[WhiteTeam "Keszthely"]
[BlackTeam "Zalaegerszeg Bagi"]
[WhiteTeamCountry "HUN"]
[BlackTeamCountry "HUN"]

1. d4 d5 2. e3 e6 3. f4 Nf6 4. Nf3 c5 5. c3 Nc6 6. Be2 Be7 7. 0-0 0-0 8. Nbd2 a6 9. Ne5 Nxe5 10. fxe5 Nd7 11. b3 b5 12. Bb2 Nb6 13. Bd3 Bb7 14. Rf3 c4 15. Bc2 a5 16. Rh3 g6 17. a3 b4 18. bxc4 dxc4 19. axb4 axb4 20. cxb4 Bxb4 21. Ne4 Nd5 22. Rb1 Qe7 23. Bc1 c3 24. Bb3 h5 25. Qxh5 gxh5 26. Rxh5 f5 27. Rg5+ Kf7 28. Bd1 Ke8 29. Bh5+ Kd8 30. Nf6 Nxf6 31. exf6 Qxf6 32. Rg6 Qe7 33. e4 Bxe4 34. Bg5 Qxg5 35. Rxg5 Bxb1 36. Bf3 c2 37. Bxa8 c1Q+ 38. Kf2 0-1